Les villes de France sur la page de Météo France - Statistiques

Statistiques générales
  • Ce quiz a été pris 311 fois
  • Le résultat moyen est 22 sur 35
Statistiques - réponses
Ville % Correct
Paris
97%
Marseille
94%
Strasbourg
93%
Lyon
92%
Nantes
92%
Nice
92%
Lille
91%
Bordeaux
90%
Rennes
89%
Brest
87%
Toulouse
87%
Ajaccio
84%
Montpellier
81%
Metz
76%
Rouen
72%
Reims
70%
Tours
70%
Amiens
69%
La Rochelle
63%
Perpignan
63%
Biarritz
57%
Limoges
57%
Cherbourg-Octeville
56%
Bourg-Saint-Maurice
54%
Auxerre
46%
Bourges
43%
Aurillac
40%
Gap
37%
Alençon
32%
Belfort
32%
Tarbes
30%
Chalon-sur-Saône
29%
Vichy
22%
Montélimar
20%
Chaumont
16%
Aucun quiz correspondant
Distribution des résultats
% des personnes avec chaque résultat
Percentile par nombre de réponses
Votre historique - résultats
Vous n’avez pas pris ce quiz